Mario Kart 8 Deluxe Characters by Picture - Statistics

General Stats
  • This quiz has been taken 699 times
  • The average score is 36 of 50
Answer Stats
Picture Answer % Correct
Mario
100%
Luigi
99%
Peach
99%
Daisy
96%
Toad
93%
Yoshi
92%
Baby Peach
91%
Baby Luigi
90%
Baby Mario
90%
Bowser
89%
Donkey Kong
89%
Wario
89%
Baby Daisy
88%
King Boo
87%
Rosalina
87%
Waluigi
87%
Toadette
86%
Gold Mario
85%
Koopa Troopa
85%
Shy Guy
85%
Baby Rosalina
81%
Bowser Jr.
78%
Dry Bones
77%
Birdo
74%
Cat Peach
74%
Link
73%
Diddy Kong
69%
Dry Bowser
69%
Lakitu
69%
Tanooki Mario
62%
Wiggler
61%
Mii
58%
Kamek
55%
Lemmy
55%
Ludwig
55%
Inkling Boy
54%
Inkling Girl
54%
Petey Piranha
54%
Funky Kong
53%
Iggy
53%
Larry
53%
Morton
52%
Roy
52%
Wendy
52%
Isabelle
50%
Pink Gold Peach
50%
Pauline
48%
Villager Female
47%
Villager Male
47%
Peachette
42%
No matching quizzes found
Score Distribution
Percent of People with Each Score
Percentile by Number Answered
Your Score History
You have not taken this quiz